[Event "Hasselbacken Open 2016"]
[Site "Stockholm SWE"]
[Date "2016.05.05"]
[Round "6.25"]
[White "Blomqvist, Erik"]
[Black "Henderson de La Fuente, Lance"]
[Result "1-0"]
[WhiteTitle "GM"]
[WhiteElo "2515"]
[BlackElo "2224"]
[WhiteFideId "1709437"]
[BlackFideId "32096585"]
[EventDate "2016.04.30"]

1. c4 e5 2. Nc3 Nc6 3. Nf3 g6 4. d4 exd4 5. Nxd4 Bg7 6. Nxc6 bxc6 7. e4 Ne7 8.
Be3 O-O 9. Bd4 d6 10. Bxg7 Kxg7 11. Qd4+ f6 12. c5 dxc5 13. Qxc5 Qd6 14. Qxd6
cxd6 15. O-O-O Rd8 16. Bc4 Bb7 17. Rd2 d5 18. Rhd1 Rd7 19. Na4 Rc7 20. Nc5 Bc8
21. Bb3 Rb8 22. f3 Rb5 23. Rc2 dxe4 24. fxe4 g5 25. Rd6 Ng6 26. Nd3 Re7 27. Rf2
f5 28. Bc4 fxe4 29. Bxb5 cxb5 30. Ne1 e3 31. Rc2 Bb7 32. Rc5 h6 33. Rxb5 Nf4 34.
g3 Nh3 35. Ra5 a6 36. Kd1 e2+ 37. Kd2 Ng1 38. Ra3 g4 39. Re3 Rc7 40. Red3 Bc6
41. Rc3 Re7 42. Rcxc6 Nf3+ 43. Kc3 Nxe1 44. Re6 Kf7 45. Rxe7+ Kxe7 46. Rc4 1-0

[Event "Hasselbacken Open 2016"]
[Site "Stockholm SWE"]
[Date "2016.05.05"]
[Round "6.26"]
[White "Pajeken, Wolfgang"]
[Black "Almasi, Istvan"]
[Result "0-1"]
[WhiteTitle "FM"]
[BlackTitle "IM"]
[WhiteElo "2269"]
[BlackElo "2420"]
[WhiteFideId "4622170"]
[BlackFideId "701742"]
[EventDate "2016.04.30"]

1. d4 Nf6 2. c4 e6 3. Nf3 b6 4. g3 Bb7 5. Bg2 Be7 6. O-O O-O 7. Nc3 Na6 8. Re1
Ne4 9. Nxe4 Bxe4 10. Nh4 f5 11. Bxe4 fxe4 12. Ng2 Bf6 13. Qa4 Bxd4 14. Be3 Nc5
15. Qc2 Bxe3 16. fxe3 a5 17. b3 Qf6 18. Rf1 Qe5 19. a3 Nb7 20. Rad1 Nd6 21. b4
axb4 22. axb4 c5 23. Qd2 Rxf1+ 24. Rxf1 Ra1 25. Rxa1 Qxa1+ 26. Kf2 Qf6+ 27. Kg1
Qe5 28. Qa2 cxb4 29. Qa4 b5 30. Qa8+ Kf7 31. Qa7 Ke7 0-1

[Event "Hasselbacken Open 2016"]
[Site "Stockholm SWE"]
[Date "2016.05.05"]
[Round "6.28"]
[White "Wikner, Arvid"]
[Black "Sagit, Rauan"]
[Result "0-1"]
[BlackTitle "FM"]
[WhiteElo "2241"]
[BlackElo "2389"]
[WhiteFideId "1702262"]
[BlackFideId "1708376"]
[EventDate "2016.04.30"]

1. e4 c5 2. Nf3 d6 3. d4 cxd4 4. Nxd4 Nf6 5. Nc3 a6 6. Bg5 e6 7. f4 h6 8. Bh4
Be7 9. Qf3 Qc7 10. O-O-O Nbd7 11. Qg3 g5 12. fxg5 hxg5 13. Bxg5 b5 14. Bxf6 Nxf6
15. Bxb5+ axb5 16. Ndxb5 Qc5 17. e5 dxe5 18. Rhf1 Bd7 19. Rxf6 Bxb5 20. Ne4 Qc7
21. Qg7 Rf8 22. Rxf7 Rxf7 23. Qg8+ Bf8 24. Nd6+ Qxd6 25. Rxd6 Ke7 26. Qg6 Kxd6
27. Qxf7 Bh6+ 0-1

[Event "Hasselbacken Open 2016"]
[Site "Stockholm SWE"]
[Date "2016.05.05"]
[Round "6.29"]
[White "Aguera Naredo, Javier"]
[Black "Henriksson, Johan"]
[Result "1/2-1/2"]
[WhiteTitle "FM"]
[BlackTitle "FM"]
[WhiteElo "2369"]
[BlackElo "2208"]
[WhiteFideId "2204169"]
[BlackFideId "1703560"]
[EventDate "2016.04.30"]

1. e4 c6 2. d4 d5 3. Nd2 dxe4 4. Nxe4 Nf6 5. Nxf6+ gxf6 6. c3 Qd5 7. Nf3 Rg8 8.
g3 Bg4 9. Bg2 Qe4+ 10. Be3 Bh6 11. Qe2 Bxe3 12. Qxe3 Qxe3+ 13. fxe3 Nd7 14. O-O
O-O-O 15. Rae1 Bxf3 16. Rxf3 Rg5 17. Bf1 Rdg8 18. Rf4 Rg4 19. Rxg4 Rxg4 20. Bd3
Rg7 21. Rf1 e6 22. Rf4 Kd8 23. Kf2 f5 24. Kf3 Ke7 25. g4 fxg4+ 26. Rxg4 Rxg4 27.
Kxg4 f5+ 28. Kg5 Nf6 29. h3 Kf7 30. c4 Kg7 31. Kf4 Kf7 32. Bc2 h6 33. Bb3 Ke7
34. Bc2 Nh5+ 35. Ke5 Nf6 36. Kf4 Nh5+ 37. Ke5 1/2-1/2

[Event "Hasselbacken Open 2016"]
[Site "Stockholm SWE"]
[Date "2016.05.05"]
[Round "6.30"]
[White "Eriksson, Jorgen"]
[Black "Cramling, Dan"]
[Result "0-1"]
[BlackTitle "IM"]
[WhiteElo "2231"]
[BlackElo "2354"]
[WhiteFideId "1701967"]
[BlackFideId "1700162"]
[EventDate "2016.04.30"]

1. d4 c5 2. c3 cxd4 3. cxd4 d5 4. Nc3 Nc6 5. Bf4 Nf6 6. e3 a6 7. Bd3 Bg4 8. f3
Bh5 9. Nge2 Bg6 10. O-O e6 11. Kh1 Be7 12. e4 dxe4 13. fxe4 O-O 14. d5 exd5 15.
exd5 Nxd5 16. Nxd5 Qxd5 17. Bxg6 Qxd1 18. Bxh7+ Kxh7 19. Raxd1 Rad8 20. Nc3 Bf6
21. h3 Kg6 22. Kg1 Bd4+ 23. Kh2 Rfe8 24. Kg3 Nb4 25. Kf3 Bxc3 26. bxc3 Nxa2 27.
Rxd8 Rxd8 28. Rb1 Rd3+ 29. Ke2 Rxc3 30. Rxb7 Rc6 31. Bd2 f6 32. Rb2 Nc3+ 33.
Bxc3 Rxc3 34. Rb6 a5 35. Rb5 a4 36. Rb4 a3 37. Ra4 Kf5 38. Kf2 Ke5 39. h4 Kd5
40. Ra7 Rc2+ 41. Kf3 a2 42. g4 Kc4 43. Ke4 Kb3 44. Rb7+ Kc3 45. Ra7 Kb2 0-1

[Event "Hasselbacken Open 2016"]
[Site "Stockholm SWE"]
[Date "2016.05.05"]
[Round "6.31"]
[White "Hedman, Erik"]
[Black "Seo, Jung Min"]
[Result "1-0"]
[WhiteTitle "FM"]
[WhiteElo "2354"]
[BlackElo "2045"]
[WhiteFideId "1702351"]
[BlackFideId "1734687"]
[EventDate "2016.04.30"]

1. d4 d5 2. c4 e6 3. Nf3 a6 4. g3 dxc4 5. Bg2 Nd7 6. O-O Ngf6 7. Qc2 Be7 8. Rd1
c5 9. Na3 Nd5 10. dxc5 Qc7 11. e4 Nb4 12. Qc3 Qxc5 13. Be3 Qc6 14. Nxc4 O-O 15.
Rd2 a5 16. Nd4 Qc7 17. Nb5 Qc6 18. Ncd6 Nf6 19. a3 Qxc3 20. Nxc3 Bxd6 21. Rxd6
Nc2 22. Rc1 Nxe3 23. fxe3 Ng4 24. Na4 b5 25. Nb6 Rb8 26. Rc5 Nxe3 27. Rdc6 Bb7
28. Rc7 Nxg2 29. Nd7 Bxe4 30. Nxb8 h5 31. Nd7 Rd8 32. Rc8 Rxc8 33. Rxc8+ Kh7 34.
Kf2 h4 35. Rb8 hxg3+ 36. hxg3 f5 37. Nc5 Bd5 38. Rxb5 g5 39. Rxa5 f4 40. Nxe6 1-0

[Event "Hasselbacken Open 2016"]
[Site "Stockholm SWE"]
[Date "2016.05.05"]
[Round "6.32"]
[White "Wahlbom, Magnus"]
[Black "Rietze, Clemens"]
[Result "1/2-1/2"]
[BlackTitle "FM"]
[WhiteElo "2223"]
[BlackElo "2354"]
[WhiteFideId "1700685"]
[BlackFideId "24620351"]
[EventDate "2016.04.30"]

1. e4 c5 2. Nf3 e6 3. d4 cxd4 4. Nxd4 Nc6 5. Nc3 Qc7 6. Be2 a6 7. Be3 Nf6 8. O-O
Bb4 9. Na4 Bd6 10. f4 Nxe4 11. Nxc6 bxc6 12. Qd4 Nf6 13. Nb6 Rb8 14. Nxc8 Rxc8
15. Bxa6 c5 16. Qc4 Rb8 17. Bb5 O-O 18. a4 Be7 19. Qe2 d5 20. c3 c4 21. Kh1 Ne4
22. Rae1 f5 23. Bd4 Bc5 24. Qe3 Rb6 25. Rb1 Bxd4 26. cxd4 Qa7 27. b3 cxb3 28.
Rxb3 Rc8 29. Rc1 Rxc1+ 30. Qxc1 Rb8 31. Bd7 Rd8 32. Bxe6+ Kh8 33. Qa1 Qc7 34.
Bxf5 Qxf4 35. Rf3 Qd2 36. a5 Re8 37. h3 Nd6 38. Qa4 Re1+ 39. Kh2 Re2 40. Rg3
Nxf5 41. Qd7 Rxg2+ 1/2-1/2

[Event "Hasselbacken Open 2016"]
[Site "Stockholm SWE"]
[Date "2016.05.05"]
[Round "6.33"]
[White "Poulopoulos, Ioannis"]
[Black "Berovski, Krum"]
[Result "0-1"]
[WhiteElo "2214"]
[BlackElo "2339"]
[WhiteFideId "4218078"]
[BlackFideId "2902931"]
[EventDate "2016.04.30"]

1. d4 Nf6 2. Nf3 e6 3. g3 d5 4. c4 Bb4+ 5. Nbd2 c6 6. Qc2 O-O 7. Bg2 b6 8. O-O
Bb7 9. e4 Nbd7 10. e5 Ne8 11. cxd5 cxd5 12. Rd1 Rc8 13. Qb3 Be7 14. Nf1 Ba6 15.
Ne3 Nc7 16. h4 Be2 17. Re1 Bxf3 18. Bxf3 f6 19. Ng4 fxe5 20. Nxe5 Nxe5 21. Rxe5
Bf6 22. Bg5 h6 23. Bxf6 Qxf6 24. Re3 Qxd4 25. Rc1 Qf6 26. Rec3 Ra8 27. Re1 Qf7
28. Rxc7 Qxc7 29. Rxe6 Qf7 30. Re3 Rad8 31. Rd3 d4 32. Qa4 Kh8 33. Kg2 Rd6 34.
a3 Qf5 35. Qd1 Rdf6 36. Qe2 a5 37. h5 Qg5 38. Qe4 Qc5 39. Qe2 b5 40. Qe4 a4 41.
Qe2 b4 42. axb4 Qxb4 43. Qc2 Qb5 44. Qd1 Qf5 45. Qe2 Re6 46. Qd1 Re1 47. Qd2 Rb1
48. g4 Qb5 49. Rxd4 Rxb2 50. Qe3 Rb3 51. Rf4 Qb8 0-1

[Event "Hasselbacken Open 2016"]
[Site "Stockholm SWE"]
[Date "2016.05.05"]
[Round "6.34"]
[White "Evertsson, Lennart"]
[Black "Bruchmann, Stephan"]
[Result "1/2-1/2"]
[BlackTitle "FM"]
[WhiteElo "2198"]
[BlackElo "2318"]
[WhiteFideId "1705156"]
[BlackFideId "4624432"]
[EventDate "2016.04.30"]

1. d4 d5 2. c4 c6 3. Nc3 Nf6 4. Nf3 dxc4 5. a4 a5 6. e3 Be6 7. Ne5 Nbd7 8. Nxc4
g6 9. Be2 Bg7 10. e4 Nb6 11. Ne5 Nfd7 12. Nf3 Bc4 13. Be3 O-O 14. Rc1 Bxe2 15.
Qxe2 e5 16. O-O exd4 17. Bxd4 Bxd4 18. Nxd4 Qe7 19. Rcd1 Qb4 20. Nf3 Nc5 21. Rd4
Qb3 22. Nd2 Qe6 23. Qe3 Rfe8 24. Re1 f6 25. h4 Re7 26. Rb1 Na6 27. Nf3 Nc4 28.
Qf4 Rf8 29. h5 Nb4 30. Qg3 Nc2 31. Rdd1 Ne5 32. Nh2 Rg7 33. h6 Re7 34. Rd2 Nb4
35. f4 Nf7 36. Ng4 f5 37. exf5 Qxf5 38. Rbd1 Rfe8 39. Qh4 Re6 40. Rd7 Rf8 41.
Ne4 Nd5 42. Ng3 Re1+ 43. Rxe1 Qxd7 44. Qf6 Nd6 45. Qd4 Qc7 46. Re6 Ne8 47. f5
Qf4 48. Qxf4 Nxf4 49. Re7 gxf5 50. Ne5 Ng6 51. Nxg6 hxg6 52. Rxb7 Rf7 53. Rb6
Kh7 54. Rxc6 Rf6 55. Rc5 Ra6 56. Nf1 Kxh6 57. Nd2 Nd6 58. Kf2 Kg5 59. Kf3 Kf6
60. g4 Ke6 61. gxf5+ gxf5 62. Kf4 Kf6 63. b3 Ke6 64. Nc4 Nxc4 65. bxc4 Rb6 66.
Re5+ Kd7 67. Rb5 Rc6 68. c5 Ke6 1/2-1/2

[Event "Hasselbacken Open 2016"]
[Site "Stockholm SWE"]
[Date "2016.05.05"]
[Round "6.35"]
[White "Anurag, Mhamal"]
[Black "Jakenberg, Jussi"]
[Result "1/2-1/2"]
[WhiteTitle "IM"]
[WhiteElo "2421"]
[BlackElo "2036"]
[WhiteFideId "5024366"]
[BlackFideId "1710931"]
[EventDate "2016.04.30"]

1. Nf3 Nf6 2. b3 b6 3. Bb2 e6 4. g3 Bb7 5. Bg2 Be7 6. O-O O-O 7. d3 d5 8. Nbd2
Nbd7 9. Re1 Bc5 10. e4 dxe4 11. Nh4 Qc8 12. Nxe4 Be7 13. Qe2 c5 14. Nf3 Qc7 15.
a4 a6 16. Nfd2 Rad8 17. Nc4 Rfe8 18. Ncd6 Bxd6 19. Nxd6 Qxd6 20. Bxb7 a5 21.
Rad1 e5 22. Qf3 Nb8 23. Qf5 Nfd7 24. f4 exf4 25. Bd5 Nf6 26. Bxf6 Qxf6 27. Qxf6
gxf6 28. gxf4 Rxe1+ 29. Rxe1 Rxd5 30. Re8+ Kg7 31. Rxb8 Rd6 32. f5 Kh6 33. Kg2
Kg5 34. Rh8 Kxf5 35. Rxh7 Kf4 36. Kf2 f5 37. h3 Rg6 38. Rh4+ Kg5 39. Rc4 Rh6 40.
Kg2 Re6 41. h4+ Kh5 42. Kf3 Re1 43. Rf4 Kg6 44. Kg2 Re2+ 45. Rf2 Re3 46. Kg1
Re1+ 47. Kh2 Re3 48. Rg2+ Kh5 49. Kg1 Kxh4 50. Kf2 Re6 51. Rg7 Rg6 52. Rxf7 Kg4
53. Rh7 Kf4 54. Rh4+ Ke5 55. c3 Rd6 56. Ke3 Rg6 57. Kf2 Rd6 58. Ke3 Rg6 59. Kf2
Rd6 1/2-1/2

[Event "Hasselbacken Open 2016"]
[Site "Stockholm SWE"]
[Date "2016.05.05"]
[Round "6.36"]
[White "Hansson, Fredrik"]
[Black "Christiansen, Johan-Sebastian"]
[Result "0-1"]
[BlackTitle "IM"]
[WhiteElo "2160"]
[BlackElo "2410"]
[WhiteFideId "1713256"]
[BlackFideId "1512668"]
[EventDate "2016.04.30"]

1. e4 e6 2. d4 d5 3. exd5 exd5 4. c4 Nf6 5. Nc3 Bd6 6. Bd3 O-O 7. Nge2 Nc6 8. a3
dxc4 9. Bxc4 h6 10. Qc2 Kh8 11. O-O a6 12. Ba2 Ne7 13. h3 Ng6 14. Bxf7 Nh4 15.
Bg6 Bxh3 16. gxh3 Nf3+ 17. Kh1 Ng4 18. Qe4 Nfh2 19. Be3 Nxe3 20. Qxe3 Rf3 21.
Qe4 Rxh3 22. Kg2 Rh4 23. f4 Rg4+ 24. Ng3 Nxf1 25. Rxf1 Qf8 26. Qf5 Rxf4 27. Rxf4
Bxf4 28. Nh5 Qxf5 29. Bxf5 Bc1 30. Nd1 g6 0-1

[Event "Hasselbacken Open 2016"]
[Site "Stockholm SWE"]
[Date "2016.05.05"]
[Round "6.37"]
[White "Vistisen, Lars"]
[Black "Liang, Awonder"]
[Result "0-1"]
[BlackTitle "IM"]
[WhiteElo "2160"]
[BlackElo "2410"]
[WhiteFideId "1404598"]
[BlackFideId "2056437"]
[EventDate "2016.04.30"]

1. e4 c5 2. Nf3 d6 3. c3 Nf6 4. Be2 Bd7 5. e5 dxe5 6. Nxe5 Nc6 7. Nxd7 Qxd7 8.
O-O e6 9. d3 Be7 10. Nd2 O-O 11. Nb3 Rad8 12. Be3 b6 13. Qc2 Nd5 14. Rad1 Qc7
15. Qc1 Bf6 16. f4 a5 17. a3 g6 18. Kh1 Bg7 19. Rf3 Rfe8 20. Rdf1 f5 21. Qe1 e5
22. Nc1 exf4 23. Bxf4 Nxf4 24. Rxf4 Bh6 25. R4f2 Be3 26. Qd1 Bxf2 27. Rxf2 Kh8
28. Qd2 Qe7 29. Rf3 Ne5 30. Rh3 c4 31. Re3 cxd3 32. Nxd3 Nc4 0-1

[Event "Hasselbacken Open 2016"]
[Site "Stockholm SWE"]
[Date "2016.05.05"]
[Round "6.38"]
[White "Rorvik, Jon F."]
[Black "Forsberg, Viktor"]
[Result "0-1"]
[BlackTitle "FM"]
[WhiteElo "2158"]
[BlackElo "2370"]
[WhiteFideId "1501852"]
[BlackFideId "1707914"]
[EventDate "2016.04.30"]

1. c4 d6 2. Nc3 g6 3. g3 Bg7 4. Bg2 Nc6 5. e3 e5 6. Nge2 h5 7. h4 Bg4 8. a3 Qd7
9. d3 O-O-O 10. Bd2 Nce7 11. Qb3 c6 12. e4 Kb8 13. O-O-O Qc7 14. Kb1 Bh6 15.
Bxh6 Nxh6 16. Rc1 Bxe2 17. Nxe2 c5 18. Nc3 Rdf8 19. Rc2 Nc6 20. Nd5 Nd4 21. Qc3
Qd7 22. Bh3 Qd8 23. Rd2 Ng8 24. Rf1 Nf3 25. Rdd1 Ne7 26. Ne3 Nd4 27. Qd2 Nec6
28. Nd5 f5 29. f4 fxe4 30. dxe4 exf4 31. Nxf4 Qe8 32. Rde1 Ne5 33. Qc3 Rf7 34.
Bg2 Rhf8 35. Ka2 Qa4 36. Rc1 a6 37. Bh3 Rf6 38. Nd5 Rxf1 39. Rxf1 Rxf1 40. Bxf1
Qd7 41. Qe3 Ka7 42. Nf4 Qa4 43. Qc3 Qd1 44. Bg2 Nc2 45. b3 Qc1 46. Qb2 Qd1 47.
Qc3 Nd4 48. Kb2 b6 49. Bh3 a5 50. Be6 Nef3 51. Bf7 Nd2 52. Qd3 N4xb3 0-1

[Event "Hasselbacken Open 2016"]
[Site "Stockholm SWE"]
[Date "2016.05.05"]
[Round "6.39"]
[White "Fieandt, John"]
[Black "Van Foreest, Lucas"]
[Result "1-0"]
[WhiteElo "2152"]
[BlackElo "2368"]
[WhiteFideId "501093"]
[BlackFideId "1039792"]
[EventDate "2016.04.30"]

1. d4 Nf6 2. c4 e6 3. Nf3 b6 4. g3 Bb7 5. Bg2 Be7 6. O-O O-O 7. Re1 Na6 8. Nc3
d5 9. cxd5 exd5 10. Bf4 c5 11. dxc5 bxc5 12. Qa4 Qb6 13. Ne5 c4 14. Qb5 Nb4 15.
Red1 Rfd8 16. Qxb6 axb6 17. Nxc4 Bc5 18. Bc7 Rdc8 19. Bxb6 dxc4 20. Bxc5 Bxg2
21. Bxb4 Bb7 22. f3 Re8 23. Kf2 Re5 24. Rd2 Nd5 25. Nxd5 Rxd5 26. Rxd5 Bxd5 27.
Rd1 Be6 28. a4 c3 29. Bxc3 Bb3 30. Ra1 Rxa4 31. Rxa4 Bxa4 32. b4 f6 33. Ke3 Kf7
34. Kd4 Ke6 35. e4 Kd6 36. f4 Kc6 37. f5 Bc2 38. Ke3 Kb5 39. Kd4 h5 40. h4 Bb3
41. Bd2 Kc6 42. Ke3 Bc2 43. Kf4 Bd3 44. Bc3 Kb5 45. e5 fxe5+ 46. Bxe5 Kxb4 47.
Bxg7 Kc5 48. Kg5 Kd6 49. f6 Ke6 50. Kxh5 Be2+ 51. Kg5 Kf7 52. h5 Bd1 53. g4 Be2
54. Kh4 Bd3 55. g5 Kg8 56. Bh6 Kf7 57. Bg7 Kg8 58. Bh8 Kxh8 59. g6 Bc4 60. h6
Kg8 61. Kg5 Bd3 62. h7+ Kh8 63. f7 Bxg6 64. f8=Q+ Kxh7 65. Qe7+ Bf7 66. Qxf7+
Kh8 67. Qe7 Kg8 68. Kg6 Kh8 69. Qd8# 1-0

[Event "Hasselbacken Open 2016"]
[Site "Stockholm SWE"]
[Date "2016.05.05"]
[Round "6.40"]
[White "Schneider, Stefan"]
[Black "Wengholm, Anders"]
[Result "1-0"]
[WhiteElo "2359"]
[BlackElo "2146"]
[WhiteFideId "1703013"]
[BlackFideId "1704818"]
[EventDate "2016.04.30"]

1. d4 g6 2. e4 Bg7 3. c4 d6 4. Nc3 e5 5. d5 a5 6. Bd3 Na6 7. Nge2 Bd7 8. O-O Bh6
9. f4 exf4 10. Nxf4 Bg7 11. Qf3 Qe7 12. Nh3 Bxh3 13. Qxh3 Nc5 14. Nb5 c6 15. Bg5
f6 16. e5 cxb5 17. exf6 Bxf6 18. Bxf6 Nxf6 19. Rae1 Rf8 20. Rxe7+ Kxe7 21. cxb5
Rf7 22. Qe3+ Kf8 23. Qh6+ Ke7 24. Re1+ Kd8 25. Bxg6 1-0

[Event "Hasselbacken Open 2016"]
[Site "Stockholm SWE"]
[Date "2016.05.05"]
[Round "6.41"]
[White "Nihal, Sarin"]
[Black "Wecker, Martin"]
[Result "1-0"]
[WhiteTitle "FM"]
[WhiteElo "2351"]
[BlackElo "2144"]
[WhiteFideId "25092340"]
[BlackFideId "12931462"]
[EventDate "2016.04.30"]

1. d4 Nf6 2. c4 e6 3. Nf3 d5 4. Nc3 Bb4 5. Bg5 h6 6. Bxf6 Qxf6 7. e3 O-O 8. Rc1
dxc4 9. Bxc4 c5 10. O-O cxd4 11. Ne4 Qe7 12. a3 Ba5 13. Qxd4 Nc6 14. Qc5 Rd8 15.
Rfd1 Kf8 16. Bb5 Qxc5 17. Nxc5 Bb6 18. Rxd8+ Bxd8 19. Bxc6 bxc6 20. Ne5 Bf6 21.
Ncd7+ Bxd7 22. Nxd7+ Ke7 23. Nxf6 Kxf6 24. Rxc6 Rb8 25. Rc2 h5 26. Kf1 g6 27.
Ke2 Ke5 28. b4 Kd6 29. Rc5 Rb6 30. Kd3 Ra6 31. Rc3 Rb6 32. Kc4 Rc6+ 33. Kb3 Rb6
34. a4 f5 35. b5 a6 36. Kb4 axb5 37. axb5 Rb8 38. Rc2 g5 39. Ka5 Ra8+ 40. Kb6
Ra1 41. Kb7 Rb1 42. b6 h4 43. Ka7 Ra1+ 44. Kb8 Rb1 45. b7 Kd7 46. Rd2+ Ke7 47.
Ra2 1-0

[Event "Hasselbacken Open 2016"]
[Site "Stockholm SWE"]
[Date "2016.05.05"]
[Round "6.42"]
[White "Marttala, Thomas"]
[Black "Mihajlov, Sebastian"]
[Result "0-1"]
[BlackTitle "FM"]
[WhiteElo "2149"]
[BlackElo "2343"]
[WhiteFideId "1701118"]
[BlackFideId "1512110"]
[EventDate "2016.04.30"]

1. d4 Nf6 2. Nf3 g6 3. Bg5 Bg7 4. Nbd2 O-O 5. e4 d5 6. exd5 Nxd5 7. Nb3 a5 8. a4
Bf5 9. Bd3 Qc8 10. O-O h6 11. Bxf5 Qxf5 12. Bd2 Nc6 13. c3 Nb6 14. Qc1 Kh7 15.
Bf4 Rac8 16. Re1 Qd5 17. Qc2 Nc4 18. Rad1 e6 19. Nc1 Rfd8 20. Nd3 Qf5 21. Qc1 g5
22. Bg3 Ne7 23. h4 g4 24. Nfe5 Nd6 25. Qf4 h5 26. Qxf5+ Nexf5 27. Nf4 Kh6 28.
Kh2 Bf6 29. d5 Bxe5 30. Rxe5 Nc4 31. Ree1 e5 32. Nd3 Nxg3 33. fxg3 Rxd5 34. Re4
Nd6 35. Rxe5 Rxe5 36. Nxe5 Re8 37. Nd3 Re2 38. b4 Rc2 39. bxa5 Rxc3 40. Nf4 Ne4
41. Nd5 Rc5 42. Rd4 f5 43. Ne7 Nd6 44. Nd5 Nc4 45. Nf4 Nxa5 46. Rd8 Nc6 47. Rh8+
Kg7 48. Rxh5 Nd4 49. Kg1 Rc4 50. Rg5+ Kf6 51. Kf2 Rxa4 52. Nd5+ Ke5 53. Nxc7
Ra2+ 0-1

[Event "Hasselbacken Open 2016"]
[Site "Stockholm SWE"]
[Date "2016.05.05"]
[Round "6.44"]
[White "Ornstein, Axel"]
[Black "Svensson, Leif 1940"]
[Result "1-0"]
[WhiteTitle "IM"]
[WhiteElo "2325"]
[BlackElo "2078"]
[WhiteFideId "1700111"]
[BlackFideId "1702459"]
[EventDate "2016.04.30"]

1. d4 d5 2. Nf3 c6 3. Bf4 e6 4. e3 Bd6 5. Nbd2 Nf6 6. Bd3 Qe7 7. Bxd6 Qxd6 8.
Qe2 Nbd7 9. O-O O-O 10. e4 dxe4 11. Nxe4 Nxe4 12. Qxe4 Nf6 13. Qh4 b6 14. Rfe1
Rd8 15. c3 Bb7 16. Ng5 h6 17. Ne4 Nxe4 18. Qxe4 g6 19. Re3 Qd5 20. Qf4 Kg7 21.
Rae1 Rd7 22. Rg3 Rad8 23. h4 c5 24. Be4 Qxa2 25. Qe5+ Kh7 26. Bb1 Qd5 27. Qf6
Rg8 28. Re5 Qb3 29. Kh2 Qxb2 30. Bd3 Qxc3 31. h5 1-0

[Event "Hasselbacken Open 2016"]
[Site "Stockholm SWE"]
[Date "2016.05.05"]
[Round "6.45"]
[White "Pratyusha, Bodda"]
[Black "Eriksson, Kristian"]
[Result "1-0"]
[WhiteTitle "WIM"]
[WhiteElo "2318"]
[BlackElo "2068"]
[WhiteFideId "5000629"]
[BlackFideId "1705172"]
[EventDate "2016.04.30"]

1. d4 Nf6 2. c4 e6 3. Nc3 Bb4 4. Qc2 c5 5. dxc5 O-O 6. Nf3 Na6 7. g3 Nxc5 8. Bg2
Nce4 9. O-O Nxc3 10. bxc3 Be7 11. e4 d6 12. e5 dxe5 13. Nxe5 Qa5 14. Re1 Nd7 15.
Nxd7 Bxd7 16. Bxb7 Rab8 17. Be4 Ba4 18. Qe2 Qxc3 19. Bf4 Rbc8 20. Rac1 Qa5 21.
Be5 Rfe8 22. Bb7 Rc5 23. Bd4 Rc7 24. Qf3 Rxc4 25. Qe3 Rxc1 26. Rxc1 Bb4 27. Rb1
Bd2 28. Qa3 Rd8 29. Bc5 h6 30. Be4 Bc3 31. Rb7 Bf6 32. Kg2 Rc8 33. Rxa7 Rxc5 34.
Rxa5 Rxa5 35. Qb4 1-0

[Event "Hasselbacken Open 2016"]
[Site "Stockholm SWE"]
[Date "2016.05.05"]
[Round "6.46"]
[White "Tolhuizen, Ludo"]
[Black "Koepke, Christian"]
[Result "1/2-1/2"]
[BlackTitle "IM"]
[WhiteElo "2132"]
[BlackElo "2313"]
[WhiteFideId "1000802"]
[BlackFideId "4655737"]
[EventDate "2016.04.30"]

1. d4 Nf6 2. Nf3 g6 3. Bf4 Bg7 4. e3 O-O 5. Be2 d6 6. h3 c5 7. c3 b6 8. O-O Bb7
9. a4 a6 10. Nbd2 Nbd7 11. Bh2 Ra7 12. b4 Qa8 13. Qb3 Ne4 14. Nxe4 Bxe4 15. a5
b5 16. dxc5 dxc5 17. Rac1 Bd5 18. Qb1 Be4 19. Qb3 Bd5 20. Qb1 Rc8 21. Rfd1 e6
22. Ne1 Ne5 23. Bxe5 Bxe5 24. Bf3 Bxf3 25. Nxf3 Bf6 26. c4 Rb7 27. bxc5 Rxc5 28.
cxb5 Rbxb5 29. Rxc5 Rxc5 30. Qb6 Qc6 31. Nd4 Qxb6 32. axb6 Bxd4 33. Rxd4 Rc1+
34. Kh2 Rb1 35. Rd6 a5 36. Rd8+ Kg7 37. Ra8 1/2-1/2

[Event "Hasselbacken Open 2016"]
[Site "Stockholm SWE"]
[Date "2016.05.05"]
[Round "6.47"]
[White "Aronsson, Marten"]
[Black "Fors, Tomas"]
[Result "1-0"]
[WhiteElo "2304"]
[BlackElo "2063"]
[WhiteFideId "1724223"]
[BlackFideId "1705768"]
[EventDate "2016.04.30"]

1. d4 Nf6 2. Nf3 e6 3. g3 b5 4. Bg2 Bb7 5. O-O c5 6. c3 Be7 7. a4 a6 8. Bg5 Qb6
9. Nbd2 cxd4 10. cxd4 Nc6 11. Qb3 Nxd4 12. Nxd4 Bxg2 13. Kxg2 Qxd4 14. axb5 Ne4
15. Qf3 d5 16. Be3 Qb4 17. Nxe4 dxe4 18. Qg4 O-O 19. bxa6 f5 20. Qf4 Bd6 21. Bd2
Qb6 22. Qe3 Rxa6 23. Rxa6 Qxa6 24. Bc3 Qc6 25. Rd1 e5 26. Qa7 Bc7 27. Qa2+ Kh8
28. Qd5 Qf6 29. e3 h5 30. Qc5 Rf7 31. Rd5 Re7 32. h4 Kh7 33. Qb5 Qe6 34. Rc5 g6
35. Rc6 Qd7 36. Qc4 Bd8 37. Bb4 Rf7 38. Rd6 Qe8 39. Rxd8 1-0

[Event "Hasselbacken Open 2016"]
[Site "Stockholm SWE"]
[Date "2016.05.05"]
[Round "6.48"]
[White "Rydstrom, Tom"]
[Black "Lonnqvist, Henrik"]
[Result "1-0"]
[WhiteTitle "FM"]
[WhiteElo "2302"]
[BlackElo "2030"]
[WhiteFideId "1714830"]
[BlackFideId "505137"]
[EventDate "2016.04.30"]

1. e4 c5 2. Nf3 d6 3. d4 cxd4 4. Nxd4 Nf6 5. Nc3 g6 6. Be3 Bg7 7. f3 O-O 8. Bc4
Nc6 9. Qd2 Bd7 10. g4 Ne5 11. Be2 Rc8 12. h4 a6 13. h5 b5 14. O-O-O e6 15. a3
Nc4 16. Bxc4 Rxc4 17. Nb3 Rc6 18. e5 Nd5 19. Nxd5 exd5 20. hxg6 hxg6 21. Qh2 f6
22. Qh7+ Kf7 23. Rh6 Be8 24. e6+ Kxe6 25. Nd4+ Kf7 26. Qxg6+ Kg8 27. Qh7+ Kf7
28. Nxc6 Qc8 29. Qg6+ Kg8 30. Ne7# 1-0

[Event "Hasselbacken Open 2016"]
[Site "Stockholm SWE"]
[Date "2016.05.05"]
[Round "6.49"]
[White "Bergstrom, Rolf"]
[Black "Thiborg, Jesper"]
[Result "1-0"]
[WhiteTitle "FM"]
[WhiteElo "2298"]
[BlackElo "2052"]
[WhiteFideId "1702386"]
[BlackFideId "1711954"]
[EventDate "2016.04.30"]

1. e4 c5 2. Nf3 d6 3. Bb5+ Nd7 4. O-O Qc7 5. d4 cxd4 6. Qxd4 e6 7. Bg5 h6 8. Bh4
e5 9. Qd3 a6 10. Bxd7+ Bxd7 11. c4 Be6 12. b3 g5 13. Bg3 Be7 14. Nfd2 Nf6 15.
Nc3 Bd8 16. Rfd1 h5 17. f3 Qd7 18. Nf1 Ba5 19. Be1 Bb6+ 20. Ne3 Bd4 21. Rac1 b5
22. Bf2 b4 23. Ncd5 Bxd5 24. cxd5 O-O 25. Nf5 Bxf2+ 26. Kxf2 Rfc8 27. Qd2 Nh7
28. Qxb4 Rd8 29. Rc6 Qa7+ 30. Qb6 1-0